India and central Asia : (Record no. 142508)

MARC details
000 -LEADER
fixed length control field 00750nam a22002297a 4500
005 - DATE AND TIME OF LATEST TRANSACTION
control field 20170713114606.0
010 ## - LCCN (DPL NO)
LC control number ENG-119165
020 ## - INTERNATIONAL STANDARD BOOK NUMBER
International Standard Book Number 9788175417861
Terms of availability 1400.00
035 ## - SYSTEM CONTROL NUMBER
System control number EN-102697
037 ## - SOURCE OF ACQUISITION
Source of stock number/acquisition DBAD/PUB
082 ## - DEWEY DECIMAL CLASSIFICATION NUMBER
Classification number 303.48254058
245 ## - TITLE STATEMENT
Title India and central Asia :
Statement of responsibility, etc edited byRajiv K. Bhatia...[et ...al]
Remainder of title exploring new horizons for cooperation /
260 ## - PUBLICATION, DISTRIBUTION, ETC. (IMPRINT)
Place of publication, distribution, etc Delhi
Name of publisher, distributor, etc Shipra Publications
Date of publication, distribution, etc 2014
270 ## - ADDRESS
Address LG-18-19,Pankaj Central Market,I.P.Ext. Patparganj
City Delhi
Postal code 110092
300 ## - PHYSICAL DESCRIPTION
Extent xxxvii,384p.
Dimensions 23cm(Hb)
500 ## - GENERAL NOTE
General note Includes index
700 ## - ADDED ENTRY--PERSONAL NAME
Personal name Bhatia,Rajiv K.
700 ## - ADDED ENTRY--PERSONAL NAME
Personal name Abusseitova,Meruyert
700 ## - ADDED ENTRY--PERSONAL NAME
Personal name Yereesheva,Laura
700 ## - ADDED ENTRY--PERSONAL NAME
Personal name Athar Zafar
942 ## - ADDED ENTRY ELEMENTS (KOHA)
Source of classification or shelving scheme Dewey Decimal Classification
Item type English Books
Classification part 303.48254058
Call number suffix IND
Holdings
Withdrawn status Lost status Not for loan Collection code Home library Current library Date acquired Source of acquisition Cost, normal purchase price Full call number Barcode Copy number Cost, replacement price Koha item type
    Not For Loan Non-fiction D.B.Act.Division D.B.Act.Division 13/07/2017 DBAD/PUB 1400.00 303.48254058 IND EN-102697 1 1400.00 English Books

© Delhi Public Library
Hit Counter
free hit counter